Stalinis didi ekʻsperimentebi : (Record no. 19218)
[ view plain ]
| 000 -LEADER | |
|---|---|
| fixed length control field | 00407cam a22001454a 4500 |
| 020 ## - INTERNATIONAL STANDARD BOOK NUMBER | |
| ISBN | 9992822074 |
| 040 ## - CATALOGING SOURCE | |
| Transcribing agency | DLC |
| 082 ## - DEWEY DECIMAL CLASSIFICATION NUMBER | |
| Classification number | 268 MER 2000 C164 Or. |
| 100 1# - MAIN ENTRY--AUTHOR NAME | |
| Personal name | Guruli, Vaxtang. |
| 245 10 - TITLE STATEMENT | |
| Title | Stalinis didi ekʻsperimentebi : |
| Remainder of title | masalebi politikuri portretisatʻvis / |
| 246 15 - VARYING FORM OF TITLE | |
| Title proper/short title | Velikiĭ ėksperiment Stalina |
| 260 ## - PUBLICATION, DISTRIBUTION, ETC. (IMPRINT) | |
| Place of publication | Tʻbilisi : |
| Name of publisher | Meridiani, |
| Year of publication | 2000. |
| 300 ## - PHYSICAL DESCRIPTION | |
| Number of Pages | 102 p. ; |
| Dimensions | 21 cm. |
| 942 ## - ADDED ENTRY ELEMENTS (KOHA) | |
| Koha item type | សៀវភៅភាសាអង់គ្លេស |
| 952 ## - LOCATION AND ITEM INFORMATION (KOHA) | |
| Withdrawn status [LOCAL, KOHA] | 0 |
| Permanent Location | Date acquired | Koha item type | Lost status | Shelving location | Barcode | Current Location | Full call number |
|---|---|---|---|---|---|---|---|
| Library Block C | 2020-05-19 | សៀវភៅភាសាអង់គ្លេស | C164 | A38365 | Library Block C | 268 MER 2000 C164 Or. |